نبضات القلب : (Record no. 14275)
[ view plain ]
| 000 -الفاتح | |
|---|---|
| حقل البيانات ثابتة الطول | 00850nam a2200253 i 4500 |
| 003 - محدد رقم الضبط | |
| رقم الضبط | EG-ScBUE |
| 005 - وقت وتاريخ اخر تعامل مع التسجيلة | |
| رقم الضبط | 20230913094606.0 |
| 008 - عناصر البيانات ثابتة الطول - معلومات عامة | |
| حقل البيانات ثابتة الطول | 100629s2003 u f 000 0 ara d |
| 017 ## - رقم الإيداع القانونى | |
| رقم الإيداع القانونى | 2003 / 15339 |
| 020 ## - الرقم الدولى المعيارى للكتب | |
| الرقم الدولى المعيارى للكتاب | 977573255 |
| 040 ## - مصدر الفهرسة | |
| وكالة الفهرسة الأصلية | EG-ScBUE |
| لغة الفهرسة | ara |
| قواعد الوصف | rda |
| وكالة النسخ | EG-ScBUE |
| وكالة التعديل | EG-ScBUE |
| 043 ## - رمز المنطقة الجغرافية | |
| رمز المنطقة الجغرافية | f-ua--- |
| 082 04 - رقم تصنيف ديوى العشرى | |
| رقم الطبعة | 22 |
| رقم التصنيف | 920.962 |
| رقم المادة | إ س ك |
| 100 1# - المدخل الرئيسى - إسم شخصى | |
| 9 (RLIN) | 15211 |
| الإسم الشخصى | إسكندر, سهير، |
| الدور | مؤلف. |
| 245 10 - بيان العنوان | |
| العنوان | نبضات القلب : |
| بقية العنوان | شخصيات في مصر / |
| بيان المسئوليه,etc | دكتورة سهير إسكندر. |
| 264 #1 - النشر، التوزيع | |
| مكان الناشر او الموزع | القاهرة : |
| اسم الناشر او الموزع | المقطم للتوزيع والنشر، |
| تاريخ النشر أو التوزيع | [2003] |
| 300 ## - الوصف المادى | |
| التعداد | 143 صفحة ؛ |
| أبعاد الوعاء | 20 سم |
| 336 ## - نوع المحتوى | |
| source | rdacontent |
| Carrier Type Term | نص |
| Content Type Code | txt |
| 337 ## - نوع الوسيط | |
| source | rdamedia |
| Media Type Term | بدون وسيط |
| Media Type Code | n |
| 338 ## - نوع الحامل أو الناقل | |
| source | rdacarrier |
| Carrier Type Term | مجلد |
| Carrier Type Code | nc |
| 651 #7 - المدخل الاضافى بالموضوع - اسم جغرافى | |
| 9 (RLIN) | 21746 |
| الاسم الجغرافي | مصر |
| التقسيم الفرعي العام | تراجم. |
| مصدر الرأس أو المصطلح | BUEsh |
| 655 ## - مصطلح تكشيفى-نوع/شكل | |
| التقسيم الفرعي الشكلي | Reading book |
| 942 ## - عناصر المدخل الإضافي( كوها) | |
| مصدر التصنيف او مخطط الترفيف | Dewey Decimal Classification |
| Koha [default] item type | Book - Borrowing |
| حالة التراجع | حالة الفقد | مصدر التصنيف او خطة الترفيف | حالة تلف | ليس للاعارة | مجموعات كوها | المكان الدائم | المكان الحالي | موقع الترفيف | تاريخ الاكتساب | Source of acquisition | رقم الاستدعاء | الباركود | Date last seen | مُعار | نوع الوعاء |
|---|---|---|---|---|---|---|---|---|---|---|---|---|---|---|---|
| Dewey Decimal Classification | Donation-Gift | Central Library | Central Library | Second Floor | 29/06/2010 | Donation | 920.962 إ س ك | 000021167 | 15/07/2025 | 29/06/2010 | Book - Borrowing |